Japan's import barries : An analysis of divergent bilateral views

Đã lưu trong:
書目詳細資料
格式: 圖書
語言:Undetermined
出版: Washington, D.C. The Japan Economic Institute of American
主題:
標簽: 添加標簽
沒有標簽, 成為第一個標記此記錄!
Thư viện lưu trữ: Trung tâm Học liệu Trường Đại học Cần Thơ
LEADER 00485nam a2200169Ia 4500
001 CTU_105324
008 210402s9999 xx 000 0 und d
082 |a 382.0952 
082 |b J35 
245 0 |a Japan's import barries : 
245 3 |b An analysis of divergent bilateral views 
260 |a Washington, D.C. 
260 |b The Japan Economic Institute of American 
650 |a Imports 
650 |z Japan 
904 |i Truc 
980 |a Trung tâm Học liệu Trường Đại học Cần Thơ